| 000 | 00336nam a22001457a 4500 | ||
|---|---|---|---|
| 020 | _a978-0-241-68632-5 | ||
| 082 |
_a823 _bMAR/U |
||
| 100 | _aMARQUEZ, GABRIEL GARCIA | ||
| 245 | _aUNTIL AUGUST | ||
| 246 |
_aUNTIL AUGUST _bUNTIL AUGUST |
||
| 260 |
_aU K _bPENGUIN BOOKS _c2024 |
||
| 300 | _a129 | ||
| 650 | _aENGLISH NOVEL | ||
| 942 | _cBK | ||
| 999 |
_c8737 _d8737 |
||